[Event "Bad Pyrmont Pape op-B 2nd"]
[Site "Bad Pyrmont"]
[Date "2023.08.12"]
[Round "5"]
[White "Zweigait, Bjoern"]
[Black "Markovych, Leonid"]
[Result "1-0"]
[WhiteElo "1686"]
[BlackElo "1296"]
[PlyCount "73"]
[EventDate "2023.08.10"]
[EventType "swiss"]
[EventRounds "7"]
[EventCountry "GER"]
[SourceTitle "EXT 2024"]
[Source "ChessBase"]
[SourceDate "2023.10.10"]
[SourceVersion "1"]
[SourceVersionDate "2023.10.10"]
[SourceQuality "1"]

1. d4 Nf6 2. g3 d5 3. c4 e6 4. Bg2 Be7 5. Nf3 0-0 6. Nbd2 c6 7. 0-0 b6 8. Re1 c5 9. b3 Bb7 10. Bb2 Nbd7 11. Rc1 Rc8 12. e4 dxe4 13. Ng5 cxd4 14. Bxd4 e5 15. Bc3 Nc5 16. Ngxe4 Nfxe4 17. Nxe4 Nd3 18. Qh5 Nxe1 19. Rxe1 f6 20. Nxf6+ Bxf6 21. Bxb7 Rc5 22. Bb4 g6 23. Qg4 Re8 24. Rd1 Qb8 25. Bd5+ Kh8 26. Bxc5 bxc5 27. Qd7 Rd8 28. Qe6 Bg7 29. Rf1 Qc7 30. f4 Qa5 31. fxe5 Qd2 32. Qe7 Rg8 33. Bxg8 Qe3+ 34. Kg2 Qe2+ 35. Rf2 Qe4+ 36. Kh3 h5 37. Be6 1-0

[Event "Hannover Bezirks op"]
[Site "Hannover"]
[Date "2020.03.07"]
[Round "4.3"]
[White "Herrmann, Andreas"]
[Black "Zweigait, Bjoern"]
[Result "1/2-1/2"]
[WhiteElo "2064"]
[BlackElo "1809"]
[PlyCount "96"]
[EventDate "2020.01.25"]
[EventType "swiss"]
[EventRounds "7"]
[EventCountry "GER"]
[SourceTitle "EXT 2023"]
[Source "ChessBase"]
[SourceDate "2022.10.05"]
[SourceVersion "1"]
[SourceVersionDate "2022.10.05"]
[SourceQuality "1"]

1. d4 c5 2. d5 e6 3. Nc3 Nf6 4. Bg5 d6 5. e4 Be7 6. Nf3 0-0 7. Qd2 a6 8. a4 Re8 9. Be2 Nbd7 10. 0-0 b6 11. dxe6 fxe6 12. Bc4 Nf8 13. e5 d5 14. exf6 gxf6 15. Bxd5 exd5 16. Qxd5+ Be6 17. Qxd8 Raxd8 18. Bf4 Rd7 19. h3 Bf5 20. Rac1 Ne6 21. Be3 Nd4 22. Bxd4 cxd4 23. Ne2 Bc5 24. Nf4 Re4 25. Nh5 Re6 26. Nh4 Be4 27. Rfe1 Kf7 28. Ng3 Bc6 29. Rxe6 Kxe6 30. Re1+ Kf7 31. b3 d3 32. cxd3 Rxd3 33. Ne4 Bxe4 34. Rxe4 Rxb3 35. Nf5 a5 36. Rh4 Kg6 37. g4 Bf8 38. Rh5 Rb4 39. Nh4+ Kg7 40. Rd5 Rxa4 41. Rd7+ Kg8 42. Nf5 Rb4 43. Ne3 Bg7 44. Nd5 Rb1+ 45. Kg2 Kf8 46. Rb7 a4 47. Nxb6 Kg8 48. Ra7 Rxb6 1/2-1/2

[Event "Langenhagen Summer op 1st"]
[Site "Langenhagen"]
[Date "2019.07.04"]
[Round "1"]
[White "Seeber, Helmut"]
[Black "Zweigait, Bjoern"]
[Result "1/2-1/2"]
[WhiteElo "1484"]
[BlackElo "1744"]
[PlyCount "96"]
[EventDate "2019.07.04"]
[EventType "swiss"]
[EventRounds "7"]
[EventCountry "GER"]
[SourceTitle "EXT 2020"]
[Source "ChessBase"]
[SourceDate "2019.10.17"]
[SourceVersion "1"]
[SourceVersionDate "2019.10.17"]
[SourceQuality "1"]

1. e4 d5 2. d4 dxe4 3. Nc3 Nf6 4. f3 exf3 5. Nxf3 Bg4 6. Be3 Nd5 7. Nxd5 Qxd5 8. Be2 e6 9. 0-0 Be7 10. c4 Qe4 11. Qd2 Bb4 12. Qc1 h6 13. a3 Be7 14. Qd2 Nd7 15. Rad1 Rd8 16. Bd3 Qc6 17. b4 a6 18. Rde1 0-0 19. Qc2 Bf6 20. Be4 Qb6 21. d5 Qd6 22. dxe6 Bxe6 23. Bxb7 Ne5 24. Nxe5 Bxe5 25. h3 Bd4 26. Kh1 Rb8 27. c5 Qe5 28. Bf4 Qh5 29. Bf3 Qh4 30. Bxc7 Rbc8 31. Bd6 Rfd8 32. Re4 Qf6 33. Rf4 Rxd6 34. Rxf6 Bxf6 35. Qe2 Rd4 36. Rd1 Bc4 37. Qc2 Rcd8 38. Rxd4 Rxd4 39. Be2 Be6 40. Bxa6 g6 41. c6 Bf5 42. Qe2 Re4 43. Qf2 Bd4 44. Qd2 Bb6 45. Qc1 Be3 46. Qd1 Bb6 47. Qc1 Be3 48. Qf1 Bd2 1/2-1/2

[Event "Niedersachsen-ch op B"]
[Site "Verden"]
[Date "2019.01.04"]
[Round "3"]
[White "Zweigait, Bjoern"]
[Black "Hapke, Thorsten"]
[Result "1-0"]
[WhiteElo "1760"]
[BlackElo "1515"]
[PlyCount "117"]
[EventDate "2019.01.03"]
[EventType "swiss"]
[EventRounds "7"]
[EventCountry "GER"]
[SourceTitle "EXT 2022"]
[Source "ChessBase"]
[SourceDate "2021.10.06"]
[SourceVersion "1"]
[SourceVersionDate "2021.10.06"]
[SourceQuality "1"]

1. d4 e6 2. Nf3 Nf6 3. Bf4 c5 4. e3 cxd4 5. exd4 Bb4+ 6. c3 Ba5 7. Bd3 h6 8. Nbd2 Bc7 9. Bg3 0-0 10. Bh4 d5 11. Ne5 Nbd7 12. Ndf3 Bd6 13. Rc1 Be7 14. 0-0 Ne4 15. Bxe7 Qxe7 16. Qe2 Ndf6 17. a3 Nd6 18. Rfe1 Bd7 19. c4 dxc4 20. Bxc4 Nxc4 21. Nxd7 Qxd7 22. Rxc4 Rfc8 23. Rec1 Rxc4 24. Qxc4 Nd5 25. h3 Nb6 26. Qb3 Rc8 27. Rc5 Rxc5 28. dxc5 Qa4 29. Qxa4 Nxa4 30. b4 Nc3 31. Nd2 Kf8 32. f3 Ke7 33. Kf2 Kd7 34. Nc4 f6 35. Ke3 Nd5+ 36. Kd4 Nf4 37. Ne3 Ne2+ 38. Kc4 Nf4 39. a4 Ng6 40. Kb5 Ne7 41. Kc4 a6 42. b5 Ng6 43. Kb4 Ne5 44. Ka5 axb5 45. axb5 Kc7 46. Kb4 Nd3+ 47. Kc4 Ne5+ 48. Kd4 Ng6 49. g3 Ne5 50. f4 Nd7 51. f5 e5+ 52. Kd5 Nf8 53. b6+ Kd7 54. Nc4 e4 55. Ne3 g6 56. g4 gxf5 57. gxf5 Nh7 58. h4 Nf8 59. Ng4 1-0

[Event "Hannover Bezirk-ch B"]
[Site "Hannover"]
[Date "2018.10.07"]
[Round "7.2"]
[White "Engelking, Michael"]
[Black "Zweigait, Bjoern"]
[Result "1-0"]
[WhiteElo "1913"]
[BlackElo "1692"]
[PlyCount "85"]
[EventDate "2018.10.04"]
[EventType "swiss"]
[EventRounds "7"]
[EventCountry "GER"]
[SourceTitle "EXT 2022"]
[Source "ChessBase"]
[SourceDate "2021.10.06"]
[SourceVersion "1"]
[SourceVersionDate "2021.10.06"]
[SourceQuality "1"]

1. d4 Nf6 2. Nf3 g6 3. Bf4 Bg7 4. e3 0-0 5. Be2 b6 6. 0-0 Bb7 7. h3 c5 8. c3 d6 9. Nbd2 Nbd7 10. Bh2 h6 11. Qc2 Rc8 12. a4 a6 13. Rfe1 Re8 14. Qb3 Bd5 15. c4 Be4 16. d5 g5 17. Nxe4 Nxe4 18. Bd3 Nef6 19. Rad1 g4 20. hxg4 Nxg4 21. Bg3 Nge5 22. Bb1 Nxf3+ 23. gxf3 Ne5 24. Kg2 Qd7 25. Rh1 Ng6 26. Rh5 Rb8 27. Bf5 Qb7 28. Qc2 Ne5 29. Bf4 e6 30. Bh7+ Kf8 31. Bxh6 exd5 32. Bxg7+ Kxg7 33. Rxd5 Re6 34. Rg5+ Kf8 35. Qf5 Ke7 36. Rg7 Rf8 37. Qg5+ Ke8 38. Bf5 Re7 39. b3 f6 40. Qh5+ Nf7 41. Rxd6 Qc7 42. Rd5 Rh8 43. Bg6 1-0

[Event "Hannover Bezirks op"]
[Site "Hannover"]
[Date "2018.02.10"]
[Round "2.6"]
[White "Zweigait, Bjoern"]
[Black "Walther, Jonas"]
[Result "0-1"]
[WhiteElo "1692"]
[BlackElo "1792"]
[PlyCount "70"]
[EventDate "2018.01.27"]
[EventType "swiss"]
[EventRounds "7"]
[EventCountry "GER"]
[SourceTitle "EXT 2022"]
[Source "ChessBase"]
[SourceDate "2021.10.06"]
[SourceVersion "1"]
[SourceVersionDate "2021.10.06"]
[SourceQuality "1"]

1. c4 e5 2. g3 Nf6 3. Bg2 Nc6 4. Nc3 d6 5. d3 g6 6. a3 Bg7 7. Rb1 0-0 8. Nf3 h6 9. Bd2 Nd7 10. h4 f5 11. Qc1 Kh7 12. b4 Nf6 13. Qc2 Ng4 14. Nd5 e4 15. Nh2 Nd4 16. Qc1 exd3 17. exd3 Ne5 18. Bf1 Re8 19. Be3 c6 20. Nf4 a5 21. Kd1 Ne6 22. Nxe6 Bxe6 23. Qc2 d5 24. c5 d4 25. Bf4 Bd5 26. f3 Nxf3 27. Bg2 Nxh2 28. Bxd5 Qxd5 29. Rxh2 Qf3+ 30. Kc1 axb4 31. axb4 Be5 32. Rf2 Bxf4+ 33. gxf4 Re1+ 34. Kb2 Rxb1+ 35. Kxb1 Qh1+ 0-1

[Event "Hannover Bezirks op"]
[Site "Hannover"]
[Date "2017.02.04"]
[Round "2.4"]
[White "Kleinschroth, Roland"]
[Black "Zweigait, Bjoern"]
[Result "1-0"]
[WhiteElo "2142"]
[BlackElo "1782"]
[PlyCount "87"]
[EventDate "2017.01.21"]
[EventType "swiss"]
[EventRounds "7"]
[EventCountry "GER"]
[SourceTitle "EXT 2022"]
[Source "ChessBase"]
[SourceDate "2021.10.06"]
[SourceVersion "1"]
[SourceVersionDate "2021.10.06"]
[SourceQuality "1"]

1. e4 e5 2. f4 exf4 3. Nf3 Be7 4. Bc4 d6 5. 0-0 Nc6 6. d4 g5 7. Nc3 Bg4 8. g3 Qd7 9. gxf4 gxf4 10. Bxf4 0-0-0 11. Qd2 Nf6 12. d5 Bxf3 13. Rxf3 Ne5 14. Bxe5 dxe5 15. Kh1 Rdg8 16. Qf2 Qg4 17. Bd3 Nh5 18. Rg1 Qxg1+ 19. Qxg1 Rxg1+ 20. Kxg1 Nf4 21. Rg3 Ng6 22. Ne2 a6 23. Kf1 h6 24. Rf3 Rf8 25. Rf5 Bg5 26. Ng3 Kd7 27. Be2 f6 28. Bg4 Kd6 29. Rf3 Nh4 30. Rb3 b6 31. Rc3 f5 32. Rc6+ Kd7 33. Bxf5+ Nxf5 34. Nxf5 Bf4 35. Rg6 Bxh2 36. Rxh6 Bf4 37. Rh7+ Kd8 38. Ke2 Rg8 39. Rg7 Rh8 40. Rg2 Kd7 41. Rg7+ Kd8 42. Ne7 Rh3 43. Nc6+ Kc8 44. Rg8+ 1-0

[Event "Niedersachsen-ch op-C"]
[Site "Verden"]
[Date "2017.01.08"]
[Round "7"]
[White "Zweigait, Bjoern"]
[Black "Pahl, Theis"]
[Result "0-1"]
[WhiteElo "1828"]
[BlackElo "1729"]
[PlyCount "106"]
[EventDate "2017.01.05"]
[EventType "swiss"]
[EventRounds "7"]
[EventCountry "GER"]
[SourceTitle "CBM 187 Extra"]
[Source "ChessBase"]
[SourceDate "2018.11.04"]
[SourceVersion "1"]
[SourceVersionDate "2018.11.04"]
[SourceQuality "1"]

1. d4 Nf6 2. Nf3 g6 3. Bf4 Bg7 4. e3 d6 5. Be2 c5 6. c3 0-0 7. 0-0 Qc7 8. Nbd2 cxd4 9. cxd4 Nc6 10. Rc1 Re8 11. Qb3 Be6 12. Bc4 Bxc4 13. Qxc4 Qb6 14. d5 Na5 15. Qd3 Nh5 16. Bg5 h6 17. Bh4 g5 18. Qf5 Qxb2 19. Ne4 Nf6 20. Rb1 Qxa2 21. Ra1 Qc4 22. Nfd2 Qc7 23. Rfc1 Qd8 24. Nxf6+ Bxf6 25. Ra4 gxh4 26. Rg4+ Bg7 27. Qh5 Kh8 28. Qxf7 Rg8 29. Qh5 Rc8 30. Rb1 Qe8 31. Rg6 Kh7 32. Rg5 Qxh5 33. Rxh5 h3 34. Rxh3 Rc2 35. Nf3 Rgc8 36. Rf1 Bf6 37. g4 Kg6 38. Ne1 R2c5 39. Rh5 Rc4 40. f4 Re4 41. Rf3 Rc3 42. Ng2 Nc4 43. f5+ Kg7 44. Kf2 Rxg4 45. Nf4 Rc2+ 46. Ne2 a5 47. Rfh3 Bg5 48. Kf3 Ne5+ 49. Kf2 a4 50. Kf1 a3 51. Nd4 Rc1+ 52. Kf2 a2 53. Ne6+ Kg8 0-1

[Event "Hannover-chB"]
[Site "Lehrte"]
[Date "2016.10.02"]
[Round "4"]
[White "Brockmann, Marc"]
[Black "Zweigait, Bjoern"]
[Result "0-1"]
[WhiteElo "1729"]
[BlackElo "1755"]
[PlyCount "74"]
[EventDate "2016.10.01"]
[EventType "swiss"]
[EventRounds "7"]
[EventCountry "GER"]
[SourceTitle "EXT 2020"]
[Source "ChessBase"]
[SourceDate "2019.10.17"]
[SourceVersion "1"]
[SourceVersionDate "2019.10.17"]
[SourceQuality "1"]

1. c4 e5 2. Nc3 Nc6 3. Nf3 Nf6 4. g3 g6 5. Bg2 Bg7 6. d3 d6 7. 0-0 Be6 8. Rb1 a5 9. Bg5 Qd7 10. Re1 h6 11. Bd2 Ne7 12. a3 g5 13. b4 axb4 14. Rxb4 Rb8 15. Qb3 b6 16. a4 0-0 17. a5 Nc6 18. a6 Nxb4 19. Qxb4 c6 20. Ra1 Qc7 21. Ne1 d5 22. cxd5 Nxd5 23. Nxd5 Bxd5 24. Bxd5 cxd5 25. Qg4 Ra8 26. h4 Qc8 27. Qh5 f6 28. hxg5 fxg5 29. Nf3 e4 30. Rc1 Qf5 31. Rc7 exf3 32. Rxg7+ Kxg7 33. exf3 Rxa6 34. Bc3+ Kh7 35. Bd2 Ra1+ 36. Kg2 Qxd3 37. Be3 Qf1+ 0-1

[Event "Langenhagen-ch op"]
[Site "Langenhagen"]
[Date "2016.08.20"]
[Round "4"]
[White "Zweigait, Bjoern"]
[Black "Sideris, Apostolos"]
[Result "1/2-1/2"]
[WhiteElo "1693"]
[BlackElo "1823"]
[PlyCount "130"]
[EventDate "2016.06.04"]
[EventType "swiss"]
[EventRounds "7"]
[EventCountry "GER"]
[SourceTitle "CBM 189 Extra"]
[Source "ChessBase"]
[SourceDate "2019.05.31"]
[SourceVersion "1"]
[SourceVersionDate "2019.05.31"]
[SourceQuality "1"]

1. c4 Nf6 2. g3 g6 3. Bg2 Bg7 4. Nf3 0-0 5. 0-0 c5 6. Nc3 d5 7. cxd5 Nxd5 8. Qb3 Nxc3 9. dxc3 Qc7 10. Be3 b6 11. Rfd1 Be6 12. Qc2 Bf5 13. Qb3 Nc6 14. Nh4 Bd7 15. Rd2 Na5 16. Qc2 Bc6 17. Rad1 Nc4 18. Rd3 Nxe3 19. Rxe3 Bxg2 20. Nxg2 c4 21. Nf4 e5 22. Nd5 Qc5 23. b4 cxb3 24. axb3 Rad8 25. c4 Rfe8 26. b4 Qf8 27. Ra3 a5 28. Rb3 axb4 29. Nxb4 Rxd1+ 30. Qxd1 Rd8 31. Qc2 Qc5 32. Nd3 Qc7 33. Rb5 e4 34. Nb4 Rd4 35. Nd5 Rxc4 36. Qb3 Rc1+ 37. Kg2 Qc2 38. Rxb6 Qxe2 39. Qb5 Qxb5 40. Rxb5 h6 41. g4 Rc4 42. Ne3 Ra4 43. Kg3 Bf8 44. Rd5 Kg7 45. h4 Kf6 46. Rd8 Ke7 47. Rc8 Bg7 48. Kf4 Kd7 49. Rc4 Rxc4 50. Nxc4 Ke6 51. Kxe4 f5+ 52. gxf5+ gxf5+ 53. Kf4 Bf6 54. Ne3 Be5+ 55. Kf3 Bc7 56. Nc4 Kf6 57. Kg2 Kg6 58. Ne3 f4 59. Nd5 Bd6 60. Kf3 Kf5 61. Nc3 Be7 62. Nd5 Bd6 63. Nc3 Bc7 64. Nd5 Be5 65. Nb4 Bf6 1/2-1/2

[Event "Langenhagen-ch op"]
[Site "Langenhagen"]
[Date "2016.06.18"]
[Round "2"]
[White "Wall, Max"]
[Black "Zweigait, Bjoern"]
[Result "1/2-1/2"]
[WhiteElo "1879"]
[BlackElo "1693"]
[PlyCount "80"]
[EventDate "2016.06.04"]
[EventType "swiss"]
[EventRounds "7"]
[EventCountry "GER"]
[SourceTitle "CBM 189 Extra"]
[Source "ChessBase"]
[SourceDate "2019.05.31"]
[SourceVersion "1"]
[SourceVersionDate "2019.05.31"]
[SourceQuality "1"]

1. Nf3 d5 2. c4 d4 3. b4 Bg4 4. e3 dxe3 5. fxe3 e6 6. Bb2 Nf6 7. Be2 Be7 8. 0-0 0-0 9. Qb3 c5 10. bxc5 Nbd7 11. d4 Ne4 12. Qc2 f5 13. Nc3 Ng5 14. Kh1 Qc7 15. Nxg5 Bxg5 16. Bxg4 fxg4 17. Qe4 Nf6 18. Qxe6+ Kh8 19. Nd5 Qa5 20. Bc3 Qa4 21. Nxf6 Bxf6 22. Qxg4 Qxc4 23. Rfc1 Qd3 24. Qd7 Rab8 25. Ba5 Qxe3 26. Rd1 b6 27. cxb6 axb6 28. Bb4 Rfd8 29. Qh3 Qxh3 30. gxh3 Rxd4 31. Rxd4 Bxd4 32. Rd1 Bc5 33. Bxc5 bxc5 34. Rc1 Rc8 35. Kg2 Kg8 36. Kf3 Kf7 37. Ke4 Ke6 38. Rc4 Ra8 39. a4 g6 40. Kd3 Kd5 1/2-1/2

[Event "Hannover Region-ch"]
[Site "Hannover"]
[Date "2016.04.23"]
[Round "7"]
[White "Zweigait, Bjoern"]
[Black "Brockmann, Marc"]
[Result "1/2-1/2"]
[WhiteElo "1686"]
[BlackElo "1467"]
[PlyCount "66"]
[EventDate "2016.01.16"]
[EventType "swiss"]
[EventRounds "7"]
[EventCountry "GER"]
[SourceTitle "EXT 2020"]
[Source "ChessBase"]
[SourceDate "2019.10.17"]
[SourceVersion "1"]
[SourceVersionDate "2019.10.17"]
[SourceQuality "1"]

1. d4 d5 2. c4 c6 3. Nc3 Nf6 4. Bf4 dxc4 5. e3 Bf5 6. Bxc4 e6 7. Nf3 Bd6 8. Ne5 Qc7 9. g4 Bg6 10. Rc1 Nbd7 11. Nxd7 Qxd7 12. Qf3 Nd5 13. 0-0 Nxf4 14. exf4 0-0 15. h4 h6 16. h5 Bh7 17. Rce1 Qd8 18. Ne4 Qc7 19. f5 Kh8 20. f6 g6 21. Kh1 g5 22. Qc3 Rae8 23. f3 a5 24. Re2 Bb4 25. Qb3 b5 26. Bd3 Qf4 27. a3 Bd6 28. Nxd6 Qxd6 29. Bxh7 Kxh7 30. Qd3+ Kh8 31. Re4 Qg3 32. Qc3 Qh3+ 33. Kg1 Qg3+ 1/2-1/2